<?xml version="1.0" encoding="UTF-8"?>
<record
    xmlns:xsi="http://www.w3.org/2001/XMLSchema-instance"
    xsi:schemaLocation="http://www.loc.gov/MARC21/slim http://www.loc.gov/standards/marcxml/schema/MARC21slim.xsd"
    xmlns="http://www.loc.gov/MARC21/slim">

  <leader>02154nam a22002657a 4500</leader>
  <controlfield tag="003">DO-SdBNP</controlfield>
  <controlfield tag="005">20260321073645.0</controlfield>
  <controlfield tag="007">ta</controlfield>
  <controlfield tag="008">220909b2012    dr a ||| |||| 00| 0 spa d</controlfield>
  <datafield tag="020" ind1=" " ind2=" ">
    <subfield code="a"> 9789945857849</subfield>
  </datafield>
  <datafield tag="040" ind1=" " ind2=" ">
    <subfield code="a">DO-SdBNP</subfield>
    <subfield code="b">spa</subfield>
    <subfield code="c">BNPHU </subfield>
  </datafield>
  <datafield tag="082" ind1=" " ind2="4">
    <subfield code="2">22</subfield>
  </datafield>
  <datafield tag="245" ind1="1" ind2="3">
    <subfield code="a">La vigencia de Juan Bosch :</subfield>
    <subfield code="b">"democracia verdadera" y cambio social en la mirada latinoamericana /</subfield>
    <subfield code="c">editora Irene Hern&#xE1;ndez ; pr&#xF3;logo Juan Bosch</subfield>
  </datafield>
  <datafield tag="260" ind1=" " ind2=" ">
    <subfield code="a">Santo Domingo :</subfield>
    <subfield code="b">Fundaci&#xF3;n Juan Bosch, </subfield>
    <subfield code="c">2012.</subfield>
  </datafield>
  <datafield tag="300" ind1=" " ind2=" ">
    <subfield code="a">289 p. : </subfield>
    <subfield code="b">ilustraciones ; </subfield>
    <subfield code="c">23 cm. </subfield>
  </datafield>
  <datafield tag="490" ind1="1" ind2=" ">
    <subfield code="a">Bosch Vive ; </subfield>
    <subfield code="v">3</subfield>
  </datafield>
  <datafield tag="500" ind1=" " ind2=" ">
    <subfield code="a">Incluye referencias bibliogr&#xE1;ficas y notas al pie de las p&#xE1;ginas.</subfield>
  </datafield>
  <datafield tag="505" ind1=" " ind2=" ">
    <subfield code="a">Pr&#xF3;logo --</subfield>
    <subfield code="t">El intelectual latinoamericano y la idea de la Patria Grande --</subfield>
    <subfield code="r">Luis Bocaz /</subfield>
    <subfield code="t">No hay democracia posible bajo el capitalismo --</subfield>
    <subfield code="r">Atilio Boron /</subfield>
    <subfield code="t">Nuevas formas de democracia, nuevas formas de ciudadan&#xED;a --</subfield>
    <subfield code="r">&#xC1;ngel Vilarini Jusino /</subfield>
    <subfield code="t">Democracia, educaci&#xF3;n y legalidad en el pensamientode Juan Bosch --</subfield>
    <subfield code="r">Pablo Mar&#xED;&#xF1;ez /</subfield>
    <subfield code="t">Juan Bosch y el r&#xE9;gimen pol&#xED;tico de la democracia --</subfield>
    <subfield code="r">Rafael Juli&#xE1;n /</subfield>
    <subfield code="t">El cambio social y la democracia vistos por Juan Bosch --</subfield>
    <subfield code="r">Justo Pedro Castellano /</subfield>
    <subfield code="t">Cambio social y procesos de participaci&#xF3;n popular --</subfield>
    <subfield code="r">H&#xE9;ctor D&#xED;az Polanco /</subfield>
    <subfield code="t">Estado nacional y nueva democracia en Am&#xE9;rica Latina --</subfield>
    <subfield code="r">Jorge N&#xFA;&#xF1;ez /</subfield>
    <subfield code="t">Honduras. Arte y cultura en resistencia --</subfield>
    <subfield code="r">Natalie Roque Sandoval /</subfield>
    <subfield code="t">Los cambios de la econom&#xED;a venezolana en el marco de laRevoluci&#xF3;n Bolivariana, desde una visi&#xF3;n de g&#xE9;nero --</subfield>
    <subfield code="r">Nora Caste&#xF1;eda /</subfield>
    <subfield code="t">Estrategias de poder y coaliciones hegem&#xF3;nicasen la postdictadura de los a&#xF1;os 90 --</subfield>
    <subfield code="r">Hiber Conteris /</subfield>
    <subfield code="t">Libia: Pensamiento imperial y democracia global --</subfield>
    <subfield code="r">Eliades Acosta Matos /</subfield>
    <subfield code="t">El &#x201C;cambio-de-&#xE9;poca&#x201D; actual y la construcci&#xF3;n social del tiempo:La creciente crisis del trabajo humano en su articulaci&#xF3;ncompleja con los tres &#x201C;plastos&#x201D; de la historia --</subfield>
    <subfield code="r">Pedro L. Sotolongo--</subfield>
  </datafield>
  <datafield tag="590" ind1=" " ind2=" ">
    <subfield code="a">Inventariado, 2022 /LP

</subfield>
  </datafield>
  <datafield tag="700" ind1="1" ind2=" ">
    <subfield code="a">Hern&#xE1;ndez, Irene,</subfield>
    <subfield code="e">editor</subfield>
    <subfield code="9">73475</subfield>
  </datafield>
  <datafield tag="700" ind1="1" ind2=" ">
    <subfield code="a"> Bosch, Juan, </subfield>
    <subfield code="d">1909-2001</subfield>
    <subfield code="e">prologuista</subfield>
    <subfield code="9">76555</subfield>
  </datafield>
  <datafield tag="830" ind1=" " ind2="0">
    <subfield code="a">Bosch Vive ;</subfield>
    <subfield code="n">3</subfield>
    <subfield code="9">82336</subfield>
  </datafield>
  <datafield tag="910" ind1=" " ind2=" ">
    <subfield code="a">Lop&#xE9;rez</subfield>
  </datafield>
  <datafield tag="942" ind1=" " ind2=" ">
    <subfield code="2">ddc</subfield>
    <subfield code="c">LBS1</subfield>
  </datafield>
  <datafield tag="952" ind1=" " ind2=" ">
    <subfield code="0">0</subfield>
    <subfield code="1">0</subfield>
    <subfield code="2">ddc</subfield>
    <subfield code="5">1</subfield>
    <subfield code="7">0</subfield>
    <subfield code="8">PD</subfield>
    <subfield code="a">BNPHU</subfield>
    <subfield code="b">BNPHU</subfield>
    <subfield code="c">CT</subfield>
    <subfield code="d">2022-09-09</subfield>
    <subfield code="l">0</subfield>
    <subfield code="p">2022-3901</subfield>
    <subfield code="r">2022-09-09</subfield>
    <subfield code="w">2022-09-09</subfield>
    <subfield code="y">LBS1</subfield>
  </datafield>
  <datafield tag="999" ind1=" " ind2=" ">
    <subfield code="c">52372</subfield>
    <subfield code="d">52372</subfield>
  </datafield>
</record>
